Mulan Characters - Statistics

General Stats
  • This quiz has been taken 8 times
  • The average score is 4 of 9
Answer Stats
Picture Answer % Correct
Fa Mulan
100%
Li Shang
60%
Mushu
60%
Yao
40%
Chien Po
20%
CriKee
20%
Fa Zhou
20%
Ling
20%
Shan Yu
20%
No matching quizzes found
Score Distribution
Percent of People with Each Score
Percentile by Number Answered
Your Score History
You have not taken this quiz